Archaeological Perspectives of Warfare on the Great Plains (Record no. 91742)
[ view plain ]
| 000 -LEADER | |
|---|---|
| fixed length control field | 01808nam a2200241Ii 4500 |
| 008 - FIXED-LENGTH DATA ELEMENTS--GENERAL INFORMATION | |
| fixed length control field | 221202s xx 000 0 und d |
| 245 #0 - TITLE STATEMENT | |
| Title | Archaeological Perspectives of Warfare on the Great Plains |
| 264 #1 - PRODUCTION, PUBLICATION, DISTRIBUTION, MANUFACTURE, AND COPYRIGHT NOTICE | |
| Place of production, publication, distribution, manufacture | United States |
| Name of producer, publisher, distributor, manufacturer | University Press of Colorado |
| Date of production, publication, distribution, manufacture, or copyright notice | 2018 |
| 300 ## - PHYSICAL DESCRIPTION | |
| Extent | 1 online resource |
| 336 ## - CONTENT TYPE | |
| Content type term | text |
| Content type code | txt |
| Source | rdacontent |
| 337 ## - MEDIA TYPE | |
| Media type term | computer |
| Media type code | c |
| Source | rdamedia |
| 338 ## - CARRIER TYPE | |
| Carrier type term | online resource |
| Carrier type code | cr |
| Source | rdacarrier |
| 520 ## - SUMMARY, ETC. | |
| Summary, etc. | The Great Plains of the United States have played an influential role in shaping academic and popular visions of Native American warfare, largely because of the well-documented violence that was so central to the expansion of Euroamerican settlement there. However, violence has deep roots on the Plains, and these roots have never been examined systematically across the region as a whole. Covering the Plains as well as some adjacent areas and spanning both pre-Contact and post-Contact periods, this volume explores a series of central topics that are important regionally and to the larger study of warfare in general. The editors provide an overview of the evidence for violence in the region as a whole, but contributors focus particularly on three important and interrelated topics: what fortifications tell us about war, what representations of war in art tell us about combatants' views of war, and how war shaped and reflected human societies on the Plains. |
| 653 ## - INDEX TERM--UNCONTROLLED | |
| Uncontrolled term | Archaeology |
| 653 ## - INDEX TERM--UNCONTROLLED | |
| Uncontrolled term | Great Plains |
| 653 ## - INDEX TERM--UNCONTROLLED | |
| Uncontrolled term | Native American |
| 653 ## - INDEX TERM--UNCONTROLLED | |
| Uncontrolled term | Plains Indians |
| 653 ## - INDEX TERM--UNCONTROLLED | |
| Uncontrolled term | Violence |
| 700 1# - ADDED ENTRY--PERSONAL NAME | |
| Personal name | Bamforth, Douglas B. |
| 700 1# - ADDED ENTRY--PERSONAL NAME | |
| Personal name | Clark, Andrew J. |
| 856 ## - ELECTRONIC LOCATION AND ACCESS | |
| Uniform Resource Identifier | <a href="https://docs.google.com/spreadsheets/d/1yKIrdCPDAG_9c22mwoOIO2DOhtj65Wqa/edit?usp=sharing&ouid=106555315294820607512&rtpof=true&sd=true ">https://docs.google.com/spreadsheets/d/1yKIrdCPDAG_9c22mwoOIO2DOhtj65Wqa/edit?usp=sharing&ouid=106555315294820607512&rtpof=true&sd=true </a> |
| Link text | List of Curated E-Books |
| 942 ## - ADDED ENTRY ELEMENTS (KOHA) | |
| Koha item type | E-Book |
No items available.